| 000 -LEADER |
| fixed length control field |
01897cam a22002777i 4500 |
| 003 - CONTROL NUMBER IDENTIFIER |
| control field |
OSt |
| 005 - DATE AND TIME OF LATEST TRANSACTION |
| control field |
20260327144935.0 |
| 008 - FIXED-LENGTH DATA ELEMENTS--GENERAL INFORMATION |
| fixed length control field |
140522s2013 caua 001 0 eng d |
| 020 ## - INTERNATIONAL STANDARD BOOK NUMBER |
| International Standard Book Number |
9781452104157 |
| 042 ## - AUTHENTICATION CODE |
| Authentication code |
lccopycat |
| 050 00 - LIBRARY OF CONGRESS CALL NUMBER |
| Classification number |
TT199.4 |
| Item number |
.B53 2013 |
| 082 04 - DEWEY DECIMAL CLASSIFICATION NUMBER |
| Classification number |
684.1/044 |
| Edition number |
23 |
| 100 1# - MAIN ENTRY--PERSONAL NAME |
| Personal name |
Blair, Barb, |
| Relator term |
author. |
| 245 10 - TITLE STATEMENT |
| Title |
Furniture makeovers : |
| Remainder of title |
simple techniques for transforming furniture with paint, stains, paper, stencils, and more / |
| Statement of responsibility, etc |
Barb Blair ; photographs by J. Aaron Greene ; foreword by Holly Becker. |
| 300 ## - PHYSICAL DESCRIPTION |
| Extent |
190 pages : |
| Other physical details |
color illustrations ; |
| Dimensions |
24 cm |
| 500 ## - GENERAL NOTE |
| General note |
Includes index. |
| 505 0# - FORMATTED CONTENTS NOTE |
| Formatted contents note |
The hunt -- Tools & materials -- Techniques. Stripping furniture ; Sanding furniture ; Small repairs. Wood filling ; Gluing & clamping ; Router retrofits for new hardware ; Priming furniture -- Applying polyurethane ; Painting furniture ; Staining over paint ; Waxing over paint ; Refreshing wood with Danish oil ; Applying wallpaper to furniture ; Applying metal leaf ; Applying milk paint ; Using vinyl decals ; Using stencils ; Using an overhead projector ; Using découpage ; Color blocking ; Adding stripes ; Achieving the dip-dyed look ; Dry brushing ; Layering paint ; Spray painting ; Basic seat upholstering ; Lining drawers -- Before & after makeovers. |
| 520 ## - SUMMARY, ETC. |
| Summary, etc |
Offers simple techniques to transforming drab furniture into showpieces, including easy-to-follow instructions for spray painting, applying gold leaf, wall papering, stenciling, and dip dyeing. |
| 650 #0 - SUBJECT ADDED ENTRY--TOPICAL TERM |
| Topical term or geographic name as entry element |
Furniture painting. |
| 650 #0 - SUBJECT ADDED ENTRY--TOPICAL TERM |
| Topical term or geographic name as entry element |
Furniture |
| General subdivision |
Repairing. |
| 650 #0 - SUBJECT ADDED ENTRY--TOPICAL TERM |
| Topical term or geographic name as entry element |
Furniture finishing. |
| 700 1# - ADDED ENTRY--PERSONAL NAME |
| Personal name |
Greene, J. Aaron, |
| Relator term |
photographer. |
| 856 42 - ELECTRONIC LOCATION AND ACCESS |
| Materials specified |
Publisher description |
| Uniform Resource Identifier |
<a href="http://www.loc.gov/catdir/enhancements/fy1409/2012276283-d.html">http://www.loc.gov/catdir/enhancements/fy1409/2012276283-d.html</a> |
| 856 42 - ELECTRONIC LOCATION AND ACCESS |
| Materials specified |
Contributor biographical information |
| Uniform Resource Identifier |
<a href="http://www.loc.gov/catdir/enhancements/fy1409/2012276283-b.html">http://www.loc.gov/catdir/enhancements/fy1409/2012276283-b.html</a> |
| 942 ## - ADDED ENTRY ELEMENTS (KOHA) |
| Source of classification or shelving scheme |
|